[Event "Karlsruhe Grenke op"]
[Site "Karlsruhe"]
[Date "2025.04.19"]
[Round "4"]
[White "Harshavardhan, GB."]
[Black "Garcia Cuenca, Victor Manuel"]
[Result "1-0"]
[WhiteElo "2431"]
[BlackElo "2266"]
[PlyCount "67"]
[EventDate "2025.04.17"]
[EventType "swiss"]
[EventRounds "9"]
[EventCountry "GER"]
[SourceTitle "CB17_2025"]
[SourceDate "2025.04.23"]
[SourceVersion "1"]
[SourceVersionDate "2025.04.23"]
[SourceQuality "1"]

1. d4 Nf6 2. c4 c5 3. d5 b5 4. Nd2 bxc4 5. e4 g6 6. Bxc4 d6 7. b3 Bg7 8. Bb2 0-0 9. Ne2 Nbd7 10. Qc2 Nb6 11. 0-0 Nxc4 12. bxc4 e6 13. Ng3 exd5 14. exd5 h5 15. Nde4 h4 16. Nxf6+ Bxf6 17. Ne4 Bd4 18. Bxd4 cxd4 19. Qd3 Bf5 20. Rfe1 Re8 21. Qxd4 Bxe4 22. Rxe4 Rxe4 23. Qxe4 Qf6 24. Rb1 Kf8 25. g3 Rc8 26. Qg4 Rc7 27. Kg2 hxg3 28. hxg3 Qe5 29. Rb8+ Ke7 30. Rg8 Kf6 31. Rd8 Ke7 32. Rb8 Kf6 33. Qh4+ Kf5 34. Re8 1-0

[Event "Titled Tuesday intern op 04th Feb Late"]
[Site "Chess.com INT"]
[Date "2025.02.04"]
[Round "2"]
[White "Garcia Cuenca, Victor Manuel"]
[Black "Rodriguez, Santiago"]
[Result "1-0"]
[WhiteElo "2270"]
[BlackElo "2252"]
[PlyCount "58"]
[EventDate "2025.02.04"]
[EventType "swiss (blitz)"]
[EventRounds "11"]
[EventCountry "USA"]
[SourceTitle "CB07_2025"]
[SourceDate "2025.02.12"]
[SourceVersion "1"]
[SourceVersionDate "2025.02.12"]
[SourceQuality "1"]

1. Nf3 Nf6 2. e3 e6 3. b3 d5 4. Bb2 c5 5. d4 Nc6 6. Be2 Bd6 7. 0-0 0-0 8. Nbd2 b6 9. c4 Bb7 10. cxd5 exd5 11. Rc1 Qe7 12. Bd3 Rfe8 13. dxc5 bxc5 14. Re1 Rad8 15. a3 a5 16. Qc2 h6 17. Nh4 Bxh2+ 18. Kxh2 Ng4+ 19. Kg3 Qd6+ 20. Kxg4 Bc8+ 21. Bf5 Ne5+ 22. Kh3 g5 23. Bxc8 Rxc8 24. Nf5 Qg6 25. g4 h5 26. Bxe5 Rxe5 27. Nf3 Rxf5 28. Qxf5 Qxf5 29. gxf5 g4+ 1-0

[Event "Titled Tuesday intern op 09th Jul Early"]
[Site "Chess.com INT"]
[Date "2024.07.09"]
[Round "1"]
[White "Garcia Cuenca, Victor Manuel"]
[Black "Bardyk, Artem"]
[Result "1/2-1/2"]
[WhiteElo "2297"]
[BlackElo "2290"]
[PlyCount "163"]
[EventDate "2024.07.09"]
[EventType "swiss (blitz)"]
[EventRounds "11"]
[EventCountry "USA"]
[SourceTitle "EXT 2025"]
[Source "ChessBase"]
[SourceDate "2024.10.14"]
[SourceVersion "1"]
[SourceVersionDate "2024.10.14"]
[SourceQuality "1"]

1. d4 d5 2. e3 Nf6 3. c4 e6 4. Nc3 c5 5. Nf3 Nc6 6. cxd5 exd5 7. Be2 cxd4 8. Nxd4 Bd6 9. 0-0 0-0 10. b3 Re8 11. Bb2 a6 12. Rc1 Bc7 13. Nxc6 bxc6 14. Na4 Qd6 15. g3 Bh3 16. Re1 Ne4 17. Qd4 f6 18. Nc5 Rab8 19. Nxe4 Rxe4 20. Qc5 Qxc5 21. Rxc5 Bd7 22. Bf3 Bd6 23. Rc2 Ree8 24. Rd1 Kf7 25. e4 Re7 26. exd5 c5 27. Kg2 Rbe8 28. Ba3 Rc8 29. Rdc1 Bf5 30. Rc4 Rec7 31. Ra4 Bd3 32. Re1 Re7 33. Rd1 Bb5 34. Re4 Rxe4 35. Bxe4 g6 36. Bd3 Ke7 37. Bc4 Kd7 38. Re1 Rb8 39. Re6 Bxc4 40. bxc4 f5 41. Bc1 Rb1 42. Bf4 Bxf4 43. gxf4 Rb4 44. Rxa6 Rxc4 45. Rc6 Rxf4 46. Rxc5 h5 47. Ra5 Kd6 48. Ra6+ Kxd5 49. Rxg6 Ra4 50. Rg5 Ke5 51. Rxh5 Rxa2 52. Rh8 Kf6 53. Rf8+ Kg6 54. Rb8 Kg5 55. Rb5 Kg6 56. Kg3 Ra3+ 57. f3 Ra4 58. Rd5 Rb4 59. Rd8 Ra4 60. Rg8+ Kf6 61. Rh8 Kg6 62. Rh4 Ra8 63. Rc4 Ra1 64. Kf4 Ra6 65. h3 Kf6 66. Rd4 Rb6 67. Rc4 Ra6 68. Kg3 Kg5 69. h4+ Kf6 70. Kf4 Rb6 71. Ra4 Rc6 72. Kg3 Rb6 73. h5 Kg5 74. Rh4 Rh6 75. f4+ Kf6 76. Kf3 Ke6 77. Ke3 Kd5 78. Kd3 Kc5 79. Rh3 Kd5 80. Rh4 Kc5 81. Kc3 Kd5 82. Kd3 1/2-1/2

[Event "Titled Tuesday intern op 09th Jul Early"]
[Site "Chess.com INT"]
[Date "2024.07.09"]
[Round "9"]
[White "Spichkin, Alexander"]
[Black "Garcia Cuenca, Victor Manuel"]
[Result "0-1"]
[WhiteElo "2035"]
[BlackElo "2297"]
[PlyCount "116"]
[EventDate "2024.07.09"]
[EventType "swiss (blitz)"]
[EventRounds "11"]
[EventCountry "USA"]
[SourceTitle "EXT 2025"]
[Source "ChessBase"]
[SourceDate "2024.10.14"]
[SourceVersion "1"]
[SourceVersionDate "2024.10.14"]
[SourceQuality "1"]

1. f4 d5 2. Nf3 c6 3. e3 Bg4 4. h3 Bxf3 5. Qxf3 Nd7 6. c4 Ngf6 7. Nc3 e6 8. Be2 Bb4 9. 0-0 0-0 10. d3 Re8 11. Bd2 dxc4 12. dxc4 e5 13. Rad1 e4 14. Nxe4 Bxd2 15. Nxd2 Qb6 16. Kh1 Rxe3 17. Qf2 Rae8 18. Bf3 Qxb2 19. Rb1 Qxa2 20. Rxb7 Nc5 21. Rb8 Rxb8 22. Qxe3 Qa5 23. Bxc6 h5 24. Bd5 Re8 25. Qd4 Qc7 26. Nf3 Nce4 27. Ng5 Ng3+ 28. Kg1 Ne2+ 29. Kh1 Nxd4 30. Bxf7+ Kf8 31. Bg6 Re2 32. Rg1 Qc6 33. f5 h4 34. Ne6+ Nxe6 35. fxe6 Ke7 36. Bf5 Nh5 37. Bg4 Ng3+ 38. Kh2 Qd6 39. Rb1 Ne4+ 40. Kg1 Qd4+ 41. Kh1 Ng3+ 42. Kh2 Rxg2+ 43. Kxg2 Qe4+ 44. Kf2 Qxb1 45. Bf3 Qb2+ 46. Ke3 Qb4 47. Kf4 Qb6 48. Kg4 Qc5 49. Kxh4 Nf5+ 50. Kg4 Nd6 51. Bd5 a5 52. h4 a4 53. h5 a3 54. Kg5 a2 55. Kg6 a1Q 56. Kh7 Qf6 57. Kg8 Qh6 58. Be4 Qc8# 0-1

[Event "Titled Tuesday intern op 21st May Late"]
[Site "Chess.com INT"]
[Date "2024.05.21"]
[Round "6"]
[White "Curtis, John"]
[Black "Garcia Cuenca, Victor Manuel"]
[Result "1/2-1/2"]
[WhiteElo "2292"]
[BlackElo "2314"]
[PlyCount "115"]
[EventDate "2024.05.21"]
[EventType "swiss (blitz)"]
[EventRounds "11"]
[EventCountry "USA"]
[SourceTitle "CBM 220 Extra"]
[Source "ChessBase"]
[SourceDate "2024.07.31"]
[SourceVersion "1"]
[SourceVersionDate "2024.07.31"]
[SourceQuality "1"]

1. e4 b6 2. Nf3 Bb7 3. Nc3 e6 4. d3 d5 5. Bd2 d4 6. Ne2 c5 7. Ng3 Nc6 8. Be2 g6 9. h4 h5 10. Bg5 Be7 11. Qd2 Qc7 12. Bxe7 Ngxe7 13. Ng1 e5 14. Nh3 0-0-0 15. f4 exf4 16. Qxf4 Ne5 17. 0-0 N7c6 18. Ng5 Rdf8 19. a3 Qe7 20. Qf6 Qxf6 21. Rxf6 Kd7 22. Raf1 Ke7 23. Kh2 Bc8 24. Kg1 Bd7 25. R1f2 Nb8 26. Nf1 Bg4 27. R6f4 Nbd7 28. Nh2 Bxe2 29. Rxe2 f6 30. Ngf3 Rhg8 31. Nxe5 Nxe5 32. Nf3 Ng4 33. Nh2 g5 34. hxg5 Rxg5 35. Nxg4 hxg4 36. g3 Rh8 37. Rh2 Rxh2 38. Kxh2 Ke6 39. c3 Ke5 40. c4 f5 41. Rxf5+ Rxf5 42. exf5 Kxf5 43. Kg2 Ke5 44. Kf2 Kd6 45. Ke2 Kc6 46. Kd2 b5 47. b3 Kb6 48. cxb5 Kxb5 49. Kc2 a5 50. a4+ Kc6 51. Kb2 Kd5 52. Kc2 Ke5 53. Kd2 Kd6 54. Kc2 Kc6 55. Kd2 Kd5 56. Kc2 Ke5 57. Kd2 Kd5 58. Kc2 1/2-1/2

[Event "Titled Tuesday intern op 21st May Late"]
[Site "Chess.com INT"]
[Date "2024.05.21"]
[Round "5"]
[White "Garcia Cuenca, Victor Manuel"]
[Black "Pershin, Denis"]
[Result "0-1"]
[WhiteElo "2314"]
[BlackElo "2358"]
[PlyCount "52"]
[EventDate "2024.05.21"]
[EventType "swiss (blitz)"]
[EventRounds "11"]
[EventCountry "USA"]
[SourceTitle "CBM 220 Extra"]
[Source "ChessBase"]
[SourceDate "2024.07.31"]
[SourceVersion "1"]
[SourceVersionDate "2024.07.31"]
[SourceQuality "1"]

1. Nf3 b6 2. b3 Bb7 3. Bb2 Nf6 4. e3 e6 5. d4 Be7 6. c4 0-0 7. Nc3 d5 8. Bd3 dxc4 9. Bxc4 Nbd7 10. 0-0 a6 11. Qe2 b5 12. Bd3 c5 13. Rad1 Qb6 14. a4 b4 15. Nb1 Rac8 16. Nbd2 Rfd8 17. Nc4 Qc7 18. e4 cxd4 19. e5 Nd5 20. Qe4 Nf8 21. Qg4 Nc3 22. Rd2 Ng6 23. Re1 Bd5 24. h4 Bxf3 25. gxf3 Nxh4 26. f4 Qb7 0-1

[Event "Titled Tuesday intern op 21st May Late"]
[Site "Chess.com INT"]
[Date "2024.05.21"]
[Round "3"]
[White "Narva, Triin"]
[Black "Garcia Cuenca, Victor Manuel"]
[Result "0-1"]
[WhiteElo "2079"]
[BlackElo "2314"]
[PlyCount "50"]
[EventDate "2024.05.21"]
[EventType "swiss (blitz)"]
[EventRounds "11"]
[EventCountry "USA"]
[SourceTitle "CBM 220 Extra"]
[Source "ChessBase"]
[SourceDate "2024.07.31"]
[SourceVersion "1"]
[SourceVersionDate "2024.07.31"]
[SourceQuality "1"]

1. e4 b6 2. d4 Bb7 3. Nc3 e6 4. f4 Bb4 5. Bd3 Nf6 6. Qe2 d5 7. e5 Ne4 8. Bxe4 dxe4 9. Be3 Nc6 10. 0-0-0 Ne7 11. Nb1 Nd5 12. c3 Be7 13. Nd2 0-0 14. Nxe4 Nxe3 15. Qxe3 Qd5 16. Ng5 Qxa2 17. N1f3 c5 18. dxc5 Bxc5 19. Qd3 g6 20. Ne4 Qa1+ 21. Kc2 Qa4+ 22. b3 Qxe4 23. Qxe4 Bxe4+ 24. Kb2 Bxf3 25. gxf3 Rfd8 0-1

[Event "Titled Tuesday intern op 21st May Late"]
[Site "Chess.com INT"]
[Date "2024.05.21"]
[Round "2"]
[White "Tarnowska, Aleksandra"]
[Black "Garcia Cuenca, Victor Manuel"]
[Result "1-0"]
[WhiteElo "1876"]
[BlackElo "2314"]
[PlyCount "135"]
[EventDate "2024.05.21"]
[EventType "swiss (blitz)"]
[EventRounds "11"]
[EventCountry "USA"]
[SourceTitle "CBM 220 Extra"]
[Source "ChessBase"]
[SourceDate "2024.07.31"]
[SourceVersion "1"]
[SourceVersionDate "2024.07.31"]
[SourceQuality "1"]

1. e4 b6 2. d4 Bb7 3. Nc3 e6 4. Be3 Bb4 5. f3 d5 6. e5 Ne7 7. Bd3 c5 8. a3 cxd4 9. Bxd4 Nec6 10. axb4 Nxd4 11. Nh3 Nbc6 12. 0-0 Nxe5 13. Bxh7 Ndxf3+ 14. Rxf3 Nxf3+ 15. Qxf3 Rxh7 16. Rf1 f6 17. Nb5 Qd7 18. Nd4 0-0-0 19. Qa3 Kb8 20. Ra1 Ba8 21. Nb5 g5 22. Nc3 d4 23. Na4 Qc6 24. Qg3+ e5 25. Nf2 Qd6 26. Ng4 Re7 27. h3 f5 28. Nf2 e4 29. Qxg5 Qe5 30. b5 Rg7 31. Qxd8+ Kb7 32. Nc5+ Qxc5 33. Nd1 Qc7 34. Qf6 Kb8 35. Qf8+ Kb7 36. Qxf5 Qd7 37. Qxd7+ Rxd7 38. Nf2 Re7 39. Kf1 Kc7 40. Re1 Bd5 41. Ke2 Bc4+ 42. Kd1 e3 43. Nd3 Bxb5 44. b3 Rg7 45. g4 Rf7 46. Rg1 Bxd3 47. cxd3 Rf2 48. g5 Rb2 49. Rg3 Rd2+ 50. Ke1 Rxd3 51. g6 Rxb3 52. g7 d3 53. Rxe3 d2+ 54. Kxd2 Rb2+ 55. Kd3 Rg2 56. Re7+ Kd6 57. Rxa7 b5 58. Rb7 Kc5 59. h4 Kc6 60. Ra7 Kb6 61. Rf7 Kc6 62. h5 Kd6 63. h6 Ke6 64. Rb7 b4 65. Rxb4 Rg3+ 66. Kc2 Rg2+ 67. Kd1 Rg1+ 68. Ke2 1-0

[Event "Titled Tuesday intern op 07th May Early"]
[Site "Chess.com INT"]
[Date "2024.05.07"]
[Round "1"]
[White "Banusz, Tamas"]
[Black "Garcia Cuenca, Victor Manuel"]
[Result "1-0"]
[WhiteElo "2623"]
[BlackElo "2314"]
[PlyCount "53"]
[EventDate "2024.05.07"]
[EventType "swiss (blitz)"]
[EventRounds "11"]
[EventCountry "USA"]
[SourceTitle "EXT 2025"]
[Source "ChessBase"]
[SourceDate "2024.10.14"]
[SourceVersion "1"]
[SourceVersionDate "2024.10.14"]
[SourceQuality "1"]

1. Nf3 Nf6 2. g3 g6 3. Bg2 Bg7 4. d4 0-0 5. c4 d6 6. Nc3 Nc6 7. 0-0 a6 8. b3 Rb8 9. Bg5 b5 10. d5 Na5 11. cxb5 axb5 12. b4 h6 13. Bxf6 Bxf6 14. Nd4 Bxd4 15. Qxd4 Nc4 16. Nxb5 Rxb5 17. Qxc4 Bd7 18. a4 Rb7 19. b5 Qa8 20. Be4 Qa5 21. Bc2 Ra8 22. Rae1 Bh3 23. e4 Bxf1 24. Kxf1 f6 25. e5 dxe5 26. Qg4 g5 27. Qe6+ 1-0

[Event "Titled Tuesday intern op 07th May Early"]
[Site "Chess.com INT"]
[Date "2024.05.07"]
[Round "5"]
[White "Garcia Cuenca, Victor Manuel"]
[Black "Titarov, Vasilii"]
[Result "1-0"]
[WhiteElo "2314"]
[BlackElo "2164"]
[PlyCount "115"]
[EventDate "2024.05.07"]
[EventType "swiss (blitz)"]
[EventRounds "11"]
[EventCountry "USA"]
[SourceTitle "EXT 2025"]
[Source "ChessBase"]
[SourceDate "2024.10.14"]
[SourceVersion "1"]
[SourceVersionDate "2024.10.14"]
[SourceQuality "1"]

1. Nf3 d6 2. c4 e5 3. Nc3 Nf6 4. g3 Be7 5. Bg2 0-0 6. 0-0 Re8 7. d4 Nbd7 8. e4 c6 9. h3 Bf8 10. Be3 h6 11. Qc2 exd4 12. Nxd4 a5 13. Rfe1 Nc5 14. f4 Qb6 15. Nb3 Nfd7 16. Na4 Qa7 17. e5 Qb8 18. Naxc5 Nxc5 19. Nxc5 dxc5 20. Rad1 Qc7 21. Qf2 b6 22. Rd2 a4 23. Red1 Be6 24. b3 axb3 25. axb3 Ra3 26. Rd3 Bf5 27. Rc3 Rd8 28. Rxd8 Qxd8 29. g4 Bc8 30. Bxc6 Rxb3 31. Rxb3 Qd1+ 32. Kg2 Qxb3 33. Bd5 Be6 34. Qd2 b5 35. f5 Bc8 36. cxb5 Qxb5 37. Qa2 Bb7 38. Bxb7 Qxb7+ 39. Kg3 Qe4 40. Bf4 Qd3+ 41. Kg2 Qd4 42. Qd2 Qe4+ 43. Kg3 c4 44. Qe3 Qd5 45. e6 fxe6 46. fxe6 Be7 47. h4 h5 48. gxh5 Qxh5 49. Bg5 Bd6+ 50. Kh3 Qe8 51. e7 Kf7 52. Qf3+ Kg8 53. Qd5+ Kh7 54. Qxd6 c3 55. Qd3+ Qg6 56. Qxg6+ Kxg6 57. e8Q+ Kf5 58. Qc6 1-0

[Event "Titled Tuesday intern op 07th May Early"]
[Site "Chess.com INT"]
[Date "2024.05.07"]
[Round "3"]
[White "Torres, Juan Camilo"]
[Black "Garcia Cuenca, Victor Manuel"]
[Result "1-0"]
[WhiteElo "2295"]
[BlackElo "2314"]
[PlyCount "69"]
[EventDate "2024.05.07"]
[EventType "swiss (blitz)"]
[EventRounds "11"]
[EventCountry "USA"]
[SourceTitle "EXT 2025"]
[Source "ChessBase"]
[SourceDate "2024.10.14"]
[SourceVersion "1"]
[SourceVersionDate "2024.10.14"]
[SourceQuality "1"]

1. d4 d5 2. c4 dxc4 3. Nf3 Nf6 4. e3 e6 5. Bxc4 c5 6. 0-0 a6 7. b3 b5 8. Be2 Bb7 9. Bb2 Nbd7 10. a4 Qb6 11. Nc3 cxd4 12. Nxd4 b4 13. Nb1 Be7 14. Nd2 0-0 15. Nc4 Qd8 16. Bf3 Nd5 17. Rc1 Rc8 18. Nf5 exf5 19. Bxd5 Bxd5 20. Qxd5 Nc5 21. Qxf5 Nxb3 22. Rcd1 Qe8 23. Qg4 f6 24. Nd6 Bxd6 25. Rxd6 Rc7 26. Rxa6 Nc5 27. Rxf6 Rxf6 28. Bxf6 Qxa4 29. Bxg7 Qd7 30. Qc4+ Qf7 31. Qxf7+ Kxf7 32. Be5 Rb7 33. Bd4 b3 34. Bxc5 b2 35. Rb1 1-0

[Event "Titled Tuesday intern op 10th Oct Late"]
[Site "Chess.com INT"]
[Date "2023.10.10"]
[Round "10"]
[White "Fernandez Bustamante, Leancy B"]
[Black "Garcia Cuenca, Victor Manuel"]
[Result "1-0"]
[WhiteElo "2059"]
[BlackElo "2302"]
[PlyCount "81"]
[EventDate "2023.10.10"]
[EventType "swiss (blitz)"]
[EventRounds "11"]
[EventCountry "USA"]
[SourceTitle "EXT 2025"]
[Source "ChessBase"]
[SourceDate "2024.10.14"]
[SourceVersion "1"]
[SourceVersionDate "2024.10.14"]
[SourceQuality "1"]

1. e4 b6 2. d4 Bb7 3. Nc3 e6 4. Nf3 Bb4 5. Bd3 Nf6 6. Nd2 c5 7. dxc5 bxc5 8. 0-0 d6 9. Bb5+ Nc6 10. Qf3 0-0 11. Bxc6 Bxc6 12. Re1 Rc8 13. a3 Ba5 14. Qe2 Bc7 15. Nf3 Nd7 16. Bf4 d5 17. Bxc7 Qxc7 18. exd5 exd5 19. Rad1 d4 20. Nb1 Qb7 21. Nbd2 Qxb2 22. Nc4 Qc3 23. Nd6 Rb8 24. Rd3 Qa5 25. Ng5 Bd5 26. Red1 h6 27. Nge4 f5 28. Ng3 Qc7 29. Ngxf5 Rf6 30. Qh5 Rxd6 31. Nxd6 Qxd6 32. Rg3 Rf8 33. Qg4 Rf7 34. f3 Qe7 35. h4 Qe3+ 36. Kh2 Nf6 37. Qc8+ Kh7 38. Qf5+ Kg8 39. Qc8+ Rf8 40. Qxc5 Nh5 41. Qxd5+ 1-0

[Event "Titled Tuesday intern op 10th Oct Late"]
[Site "Chess.com INT"]
[Date "2023.10.10"]
[Round "4"]
[White "Modric, Nesa"]
[Black "Garcia Cuenca, Victor Manuel"]
[Result "0-1"]
[WhiteElo "2161"]
[BlackElo "2302"]
[PlyCount "96"]
[EventDate "2023.10.10"]
[EventType "swiss (blitz)"]
[EventRounds "11"]
[EventCountry "USA"]
[SourceTitle "EXT 2025"]
[Source "ChessBase"]
[SourceDate "2024.10.14"]
[SourceVersion "1"]
[SourceVersionDate "2024.10.14"]
[SourceQuality "1"]

1. e4 b6 2. d4 Bb7 3. Bd3 e6 4. Nc3 Nf6 5. Nge2 c5 6. d5 exd5 7. exd5 Nxd5 8. Nxd5 Bxd5 9. Nf4 Bc6 10. 0-0 Be7 11. Re1 Kf8 12. Qh5 Kg8 13. Bd2 g6 14. Qh3 Bf6 15. Re3 d6 16. Rg3 Nd7 17. Nh5 Ne5 18. Nxf6+ Qxf6 19. Re1 b5 20. f4 Nxd3 21. Bc3 Qxc3 22. bxc3 Nxe1 23. f5 Kg7 24. Qh4 f6 25. Re3 Rae8 26. Rxe1 Rxe1+ 27. Qxe1 Re8 28. Qf2 Re5 29. h3 Rxf5 30. Qg3 Re5 31. Qd3 d5 32. a4 a6 33. Qd2 h5 34. Qf2 d4 35. cxd4 cxd4 36. Qxd4 bxa4 37. Qa7+ Kh6 38. Qxa6 Bd5 39. Qd3 Rg5 40. Qd2 Kg7 41. g4 hxg4 42. h4 Re5 43. c3 Kh7 44. Qd4 Kh6 45. Qa7 Kh5 46. Qd4 Kxh4 47. c4 Kg3 48. cxd5 Re1# 0-1